Look at your body blood (Record no. 295880)

MARC details
000 -LEADER
fixed length control field 00265pam a2200109a 44500
008 - FIXED-LENGTH DATA ELEMENTS--GENERAL INFORMATION
fixed length control field 230405s1999 xxu||||| |||| 00| 0 eng d
041 ## - LANGUAGE CODE
Language code of text/sound track or separate title ENG
100 ## - MAIN ENTRY--PERSONAL NAME
Personal name Steve Parker
245 ## - TITLE STATEMENT
Title Look at your body blood
260 ## - PUBLICATION, DISTRIBUTION, ETC.
Place of publication, distribution, etc.
Name of publisher, distributor, etc. Navneet Publications
Date of publication, distribution, etc. 1999
906 ## - LOCAL DATA ELEMENT F, LDF (RLIN)
a 4537
Holdings
Withdrawn status Lost status Damaged status Not for loan Collection Home library Current library Shelving location Date acquired Source of acquisition Cost, normal purchase price Total Checkouts Full call number Barcode Date last seen Price effective from Koha item type
          Matoshri Bayabai Shripatrao Kadam Kanya Mahavidyalaya, Kadegaon, Sangli Matoshri Bayabai Shripatrao Kadam Kanya Mahavidyalaya, Kadegaon, Sangli   19/05/2011 Navneet Publications 70.00   574 KVK-S07922 18/04/2023 18/04/2023 Book